Movies by Decade: 1960's - Statistics

General Stats
  • This quiz has been taken 67 times
  • The average score is 6 of 9
Answer Stats
Picture Hint Answer % Correct
1960 Psycho
95%
1961 Breakfast at Tiffany's
89%
1966 The Good, the Bad and the Ugly
78%
1968 Rosemary's Baby
70%
1965 Help!
63%
1967 Bonnie and Clyde
62%
1964 Dr. Strangelove or: How I Learned to Stop Worrying and Love the Bomb
57%
1969 Midnight Cowboy
52%
1962 The Trial
14%
No matching quizzes found
Score Distribution
Percent of People with Each Score
Percentile by Number Answered
Your Score History
You have not taken this quiz